Indovina i capocannonieri della Serie A - Statistics

Statistiche generali
  • Questo quiz è stato fatto 420 volte
    134 dall'ultimo reset
  • Il punteggio medio è 19 su 25
Statistiche sulle risposte
Annata N° di Gol Miglior Marcatore Squadra % Corretto
2019/20 36 Ciro Immobile Lazio
96%
2023/24 24 Lautaro Martinez Inter
96%
2022/21 27 Ciro Immobile Lazio
95%
2018/19 26 Fabio Quagliarella Sampdoria
93%
2015/16 36 Gonzalo Higuain Napoli
92%
2009/10 29 Antonio Di Natale Udinese
91%
2020/21 29 Cristiano Ronaldo Juventus
91%
2010/11 28 Antonio Di Natale Udinese
90%
2022/23 26 Victor Osimhen Napoli
90%
2006/07 26 Francesco Totti Roma
89%
2012/13 29 Edinson Cavani Napoli
87%
2017/18 26 Mauro Icardi,Ciro Immobile Inter/Lazio
86%
2014/15 22 Mauro Icardi,Luca Toni Inter/Hellas Verona
86%
2007/08 21 Alessandro Del Piero Juventus
83%
2016/17 29 Edin Dzeko Roma
83%
2011/12 28 Zlatan Ibrahimovic Milan
79%
2024/25 25 Mateo Retegui Atalanta
72%
2005/06 31 Luca Toni Fiorentina
70%
2013/14 22 Ciro Immobile Torino
69%
2008/09 25 Zlatan Ibrahimovic Inter
68%
2002/03 24 Christian Vieri Inter
54%
2004/05 24 Cristiano Lucarelli Livorno
54%
2001/02 24 Dario Hubner, David Trezeguet Juventus/Piacenza
53%
2000/01 26 Hernan Crespo Lazio
39%
2003/04 24 Andrij Shevchenko Milan
30%
Nessun quiz corrispondente trovato
Distribuzione punteggi
Percentuale di utenti per punteggio
Percentile per numero di risposta
I tuoi punteggi nel tempo
Non hai fatto questo quiz dall'ultimo reset